000 01037nam a2200301 i 4500
003 EG-GICUC
005 20260428211729.0
008 260428s1967 ua ||||fr|||| 00| 0 ara d
040 _a EG-GICUC
_bara
_c EG-GICUC
_d EG-GICUC
_erda
041 0 _aara
082 0 4 _221
_a345.3231
_bأ ح . إ
092 0 4 _221
099 _aLaw1 07 345.3231 أ ح . إ 1 ed - 1967
100 0 _aاحمد رشيد
_eمؤلف.
245 1 0 _aإدارة المؤسسات العامة /
_cدكتور احمد رشيد.
250 _aالطبعة الأولي
264 1 _aالقاهرة :
_bدار المعارف بمصر،
_c1967.
300 _a644 ؛ صفحة
_c24 سم.
336 _2rda content
_atext
337 _2rda media
_aComputer
338 _2rda carrier
_aOnline Resource
546 _aالنص باللغة العربية
650 1 4 _aالقانون الإداري
650 1 4 _aالمرفق العامة الإدارية
856 4 0 _uhttps://fll.law.cu.edu.eg/fulltext/bks/B07-01898.pdf
905 _a77
942 _2ddc
_cBK
_e21
_n0
999 _c74002
_d74002